| 000 | 00723nam a22002175i 4500 | ||
|---|---|---|---|
| 001 | 11549 | ||
| 003 | ES-MaACL | ||
| 005 | 20230906150126.0 | ||
| 007 | t| | ||
| 008 | 941004s1993 sp f ||||0|aspa d | ||
| 020 | _a84-86575-46-X | ||
| 080 | _a946.0"1936/39"(093.3) | ||
| 080 | _a929 Estévez, Leonor | ||
| 100 | 1 |
_aEstévez Varela, Leonor. _948170 |
|
| 245 | 1 | 3 |
_aLa vida es lucha _b: memorias / _cLeonor Estévez Varela. |
| 260 |
_aMadrid : _bA-Z, _c1993. |
||
| 300 |
_a300 p., [38] p. de lám ; _c19 cm. |
||
| 600 | 1 | 4 |
_aEstévez Varela, Leonor. _948170 |
| 651 | 4 |
_aEspaña- _xHistoria- _y1931-1939, II República- _vRelatos personales. _98290 |
|
| 852 |
_aES-MaACL _jL-18872 _z. - Dedicatoria autógrafa de la autora |
||
| 999 |
_c11549 _d11549 |
||